| 000 | 01478nam0a2200337 i 4500 | ||
|---|---|---|---|
| 001 | RU\NLR\BIBL_A\011536276 | ||
| 005 | 20260409063953.0 | ||
| 010 |
_a9785763836349 _9500 |
||
| 021 |
_aRU _b2017-82360 _95881 |
||
| 035 | _a(RuMoRGB)009442681 | ||
| 035 | _a(NLR Aleph) 011536276 | ||
| 090 |
_a12171637 _c12171637 |
||
| 100 | _a20171122d2017 km y0rusy50 ca | ||
| 101 | 0 | _arus | |
| 102 | _aRU | ||
| 105 | _ay|||z|||000zy | ||
| 200 | 1 |
_aУголовная ответственность за геноцид (статья 357 УК РФ) _eмонография _fГ. Л. Москалев _gМинистерство образования и науки Российской Федерации, Сибирский федеральный университет |
|
| 210 |
_aКрасноярск _cСФУ _d2017 |
||
| 215 |
_a187 с. _d21 |
||
| 320 | _aБиблиогр.: с. 165-187 (283 назв.) | ||
| 606 | 1 |
_aГеноцид _xУголовная ответственность _yРоссийская Федерация _92348551 _3RU\NLR\AUTH\6601626382 |
|
| 686 |
_aХ628.111.121.1,0 _2rubbk |
||
| 686 |
_aХ911.2,0 _2rubbk |
||
| 686 | 1 | _aХ628.111.121.1 | |
| 700 | 1 |
_aМоскалев _bГ. Л. _gГеоргий Леонидович |
|
| 742 | 1 |
_aРоссийская Федерация _iУголовный кодекс _tЗаконы _9425372 _3RU\NLR\AUTH\880379491 |
|
| 942 | _cBOOK | ||
| 980 | _aNBR | ||